00863nam a22002057a 450000500170000000800410001702000180005804000480007604100080012410000220013224501540015426000290030830000330033750000990037050400410046960000720051065000300058270000280061270000170064020211102113704.0211102s20041990nyua|||gr|||| 00| 0 eng d a9780810991804 aCO-BoUCMbspacDeissy GarciadDeissy Garcia0 aeng1 aGoldsworthy, Andy10aHand to earthbAndy Goldsworthy sculpture, 1976-1990 ceditado por Terry Friedman y Andy Goldsworthy; con contribuciones de Clive Adams ... y otros.] aNueva YorkbAbramsc2004 a196 páginasbilustraciones aBibliografía Básica - Facultad de Creación - Pregrado en Artes - Diseño - Arquitectura aIncluye referencias bibliográficas10aGoldsworthy, Andyd1956-vCatálogosxCrítica e interpretación 7aEsculturazGran Bretaña1 aFriedman, Terryeeditor1 aAdams, Clive